Catálogo
 En Linea
Vista normal Vista MARC

Entrada Nombre de reunión

Número de registros utilizados en: 1

001 - NÚMERO DE CONTROL

  • campo de control: 56223

003 - IDENTIFICADOR DEL NÚMERO DE CONTROL

  • campo de control: OSt

005 - FECHA Y HORA DE LA ÚLTIMA TRANSACCIÓN

  • campo de control: 20200615034745.0

008 - DATOS DE LONGITUD FIJA

  • campo de control de longitud fija: 200615|| aca||aabn | a|a d

040 ## - FUENTE DE LA CATALOGACIÓN

  • Centro catalogador/agencia de origen: OSt
  • Centro/agencia transcriptor: OSt

111 ## - ENCABEZAMIENTO--NOMBRE DE CONGRESO/REUNIÓN

  • Nombre de congreso/reunión o jurisdicción como elemento de entrada: Conferencia, importancia de la supervisión oficial en el desarrollo de las instituciones financieras
  • Fecha del congreso/reunión: (1979 jul. 6 :
  • Sede del congreso/Lugar de la reunión: Santo Domingo )

670 ## - FUENTE DE DATOS ENCONTRADOS

  • Cita de la fuente: Work cat.: (OSt)28845: Conferencia, importancia de la supervisión oficial en el desarrollo de las instituciones financieras (1979 jul. 6 : Santo Domingo ), Importancia de la supervisión oficial en el desarrollo de las instituciones financieras /, 1979.

Con tecnología Koha